| 000 | 00760nac a22002291u 4500 | ||
|---|---|---|---|
| 008 | 090204t1984xxc xxu|||||r|||| 001 0 eng d | ||
| 010 | _a83021586 | ||
| 020 | _a047108607X : | ||
| 082 | 0 | 0 |
_a658.155 _bWHI _222 |
| 100 |
_aWhite, John A., _933501 |
||
| 245 | 1 | 0 |
_aPrinciples of engineering economic analysis / _cJohn A. White, Marvin H. Agee, Kenneth E. Case. |
| 250 | _a2nd ed. | ||
| 260 |
_aNew York : _bWiley, _cc1984. |
||
| 300 |
_axii, 546 p. : _bill. ; _c25 cm. |
||
| 500 | _aDonations | ||
| 500 | _aDonations - Dr. Mostafa Gouda | ||
| 504 | _aIncludes bibliographies and index. | ||
| 650 | 0 |
_aEngineering economy. _933502 |
|
| 700 | 1 |
_aAgee, Marvin H., _d1931- _933503 |
|
| 700 | 1 |
_aCase, Kenneth E. _933504 |
|
| 942 |
_cBB _k658.155WHI _2ddc |
||
| 999 |
_c1634 _d1634 |
||